000 00573nam a22001577a 4500
003 OSt
005 20240404100415.0
008 240404b |||||||| |||| 00| 0 eng d
040 _cCentral Library MRSPTU
100 _aMegh Raj Mitter (ਮੇਘ ਰਾਜ ਮਿੱਤਰ)
245 _aThe History of Time (ਸਮੇਂ ਦਾ ਇਤਿਹਾਸ)
_bThe Story of Universe and Human Evolution (ਬਿੱਗ ਬੈਂਗ ਤੋਂ ਬਿੱਗ ਕਰੰਚ ਤੱਕ)
250 _a1st
260 _aBarnala
_bTarkbharti Parkashan
_c2001
300 _a106
942 _2ddc
_cBK
_n0
999 _c9985
_d9985